00890nam a2200217 a 450000100100000000500170001000800410002704000250006808200150009310000400010824000310014824500930017926000320027230000210030449000100032559000750033570000430041083000160045395201860046999900170065500003589220200930074710.0111115s1935 fr 000 0 fre d aDO-SdBNPbspacBNPHU axxxbF263l1 aFaulkner, William,d1897-19629978110aLigth in augustlfrancés10aLumière d´août /cWilliam Faulkner ;traducido del inglés Maurice-Edgar Coindreau. aFrance :bGallimard,c1935. a627 p. ;c18 cm.1 aFolio aPerteneció a la biblioteca personal de Juan Isidro Jimenes Grullón1 aCoindreau, Maurice- Edgar,etr.961890 0aFolio94233 001050718RVaGRbGRcCTd2011-11-15iLF1l0oxxx F263lp35892-10r2020-06-25w2020-06-25y1zPerteneció a la biblioteca personal de Juan Isidro Jimenes- GrullónZNo se presta c35383d35383